Central Library OPAC University of Rajshahi

Biometrical and Biotechnological Approaches for Cultivars Evaluation Edible Arodis in Bangladesh / (Record no. 83679)

MARC details
000 -LEADER
fixed length control field 00943nam a2200241 a 4500
001 - CONTROL NUMBER
RUCL Control Number 83679
003 - CONTROL NUMBER IDENTIFIER
rucl marc code BD-RjUL
005 - DATE AND TIME OF LATEST TRANSACTION
control field 20240508104858.0
008 - FIXED-LENGTH DATA ELEMENTS--GENERAL INFORMATION
fixed length control field 240508s2008 bg a|||| m||| 00| 0 eng d
035 ## - SYSTEM CONTROL NUMBER
system control number (BD-RjUL)83679
040 ## - CATALOGING SOURCE
Original cataloging agency BD-RjUL
Language of cataloging eng
Transcribing agency BD-RjUL
Modifying agency BD-RjUL
041 ## - LANGUAGE CODE
Language code of Book eng
082 ## - DEWEY DECIMAL CLASSIFICATION NUMBER
DDC Edition number 23
Classification number 584.64
Author mark and Year PAB 2008
100 ## - MAIN ENTRY--PERSONAL NAME
Personal name Paul, Krishnendu Kumar
9 (RLIN) 12891
245 10 - TITLE STATEMENT
Title Biometrical and Biotechnological Approaches for Cultivars Evaluation Edible Arodis in Bangladesh /
Statement of responsibility, etc BY Krishnendu Kumar Paul ;
Name of Supervisor/Co-Supervisor Supervisor : M. A. Bari Miah
260 ## - PUBLICATION, DISTRIBUTION, ETC. (IMPRINT)
Place of publication, distribution, etc Rajshahi :
Name of publisher, distributor, etc Institute of Biological Sciences, University of Rajshahi,
Date of publication, distribution, etc 2008
300 ## - PHYSICAL DESCRIPTION
Pagination [13], 285 Leaves :
Other physical details ill, ;
Dimensions 29 cm.
502 ## - DISSERTATION NOTE
Dissertation note Thesis (Ph. D.) -- Institute of Biological Sciences, University of Rajshahi, 2008
504 ## - BIBLIOGRAPHY, ETC. NOTE
Bibliography, etc References : Leaves : 267-284
650 ## - SUBJECT ADDED ENTRY--TOPICAL TERM
Topical term or geographic name as entry element Evaluation Edible
Form subdivision Arales
9 (RLIN) 12892
700 ## - ADDED ENTRY--SUPERVISOR/CO-SUPERVISOR NAME
Personal name Miah, M. A. Bari, Supervisor
9 (RLIN) 4202
942 ## - ADDED ENTRY ELEMENTS (KOHA)
Source of classification or shelving scheme Dewey Decimal Classification
Koha item type Theses
Holdings
Source of classification or shelving scheme Damaged status Not for loan Collection code Permanent Location Current Location Shelving location Date of accession Source of acquisition Total Checkouts Full call number Barcode Date last seen Copy number Thesis
Dewey Decimal Classification   Not For Loan Theses Central Library, University of Rajshahi Central Library, University of Rajshahi Documentation Section 12/08/2009 Controller of Exam. R. U.   THE 584.64 PAB 2008 D2992 08/05/2024 C-I Theses